| 000 | 00844cam a2200277 i 4500 | ||
|---|---|---|---|
| 001 | 18459 | ||
| 003 | BD-RjUL | ||
| 005 | 20211209000305.0 | ||
| 008 | 140220s1962 enk 001 0 eng d | ||
| 020 | _a037001376X (v. 5) | ||
| 035 | _a(BD-RjUL) 18517 | ||
| 040 |
_aDLC _cDLC _dDLC _dBD-RjUL _beng |
||
| 041 | _aeng | ||
| 082 | 0 | 0 |
_a823.912 _219 _bFOB 1962 |
| 100 | 1 |
_aFord, Ford Madox, _d1873-1939. _953857 |
|
| 245 | 1 | 4 |
_aThe Bodley Head Ford Madox Ford / _cFord Madox, Ford, _nVolume II : _pThe Fifth Queen Privy Seal |
| 260 |
_aLondon : _bBodley Head, _c1962 |
||
| 300 |
_av. ; _c23 cm. |
||
| 500 | _aIncludes indexes. | ||
| 505 | 1 | _a --v. 5. Memories and impressions. | |
| 650 | 0 |
_a Greene, Graham, -- 1904-1991. _956877 |
|
| 740 | 0 | _aFord Madox Ford. | |
| 942 |
_2ddc _cBK |
||
| 999 |
_c18459 _d18459 |
||